000 02058nam a2200301Ia 4500
999 _c46273
_d46273
001 13107
003 GE_BSU
005 20240819165134.0
008 181216s2013||||ge |||||||||||||| ||geo||
020 _a9789941442032
040 _cGE_BSU
041 _ageo
080 _a631.115.1(072) ბ-33
100 _aბაღდაძე, ა.
_923086
245 _aფერმერთა საინფორმაციო-საკონსულტაციო მომსახურება :
_bმეთოდური სახელმძღვანელო ექსტენციის კონსულტანტებისთვის /
_cა. ბაღდაძე ; სარედაქციო კოლეგია : რევაზ საყვარელიძე, თამარ სანიკიძე, პავლე დოლიძე.
264 _aთბილისი :
_bსაუნჯე,
_c[2013].
300 _a108 გვ. ;
_c29 სმ.
500 _aგამოცემულია გაეროს განვითარების პროგრამის (UNDP) მიერ შვედეთის საერთაშორისო განვითარების სააგენტოს ფინანსური ხელშეწყობით.
500 _a ყდაზე ავტ. მითით. არ არის
504 _aბიბლიოგრ. გვ. 108
653 _aფერმერთა საინფორმაციო-საკონსულტაციო მომსახურება
653 _aფერმერული მეურნეობები
653 _aსოფლის მეურნეობა
700 _aსაყვარელიძე, რევაზ
_eრედაქტორი
_923087
700 _aსანიკიძე, თამარ
_eრედაქტორი
_923088
700 _aდოლიძე, პავლე
_eრედაქტორი
_923089
942 _cBK
_2udc